| 000 | 00768nam a22002417a 4500 | ||
|---|---|---|---|
| 001 | 2312 | ||
| 005 | 20240719090317.0 | ||
| 020 | _a9780756657758 | ||
| 040 |
_aFISKH _beng _cFISKH _dFISKH |
||
| 050 | _aPZ7.B38635 | ||
| 082 | _a791.43 | ||
| 100 | _aBeecroft, Simon | ||
| 245 |
_aStar wars the clone wars : _bStand aside-bounty hunters! / _cWritten by Simon Beecroft |
||
| 250 | _aFirst published in the United States in 2010 | ||
| 260 |
_aNew York : _bDK Publishing, _c2010 |
||
| 300 |
_a32 pages _billustrations _c22 cm |
||
| 490 | _aStar Wars The Clone Wars | ||
| 505 | _aJ | ||
| 520 | _a"Cad Bane is on an evil mission--will the Jedi be able to stop him in time?" | ||
| 521 |
_a500
_bLexile estimate |
||
| 521 |
_aJ
_bRaz-Plus |
||
| 942 |
_2ddc _cBK _n0 |
||
| 999 |
_c2312 _d2312 |
||